00773nam a2200241 u 4500001001000000003000900010005001700019007000300036008004100039020001800080040002500098082002300123100002400146245004100170260004900211300002800260500007100288650002400359650002800383650002700411650005100438730004200489000027348DO-SdBNP20240530073935.0ta100805s2010 dr a 000 e spa d a9789945870787 aDO-SdBNPbspacBNPHU 4aRD864.5bC355a2221 aCastro, Aníbal de10aA decir cosas /cAníbal de Castro. aSanto Domingo :bEdiciones Ferilibro,c2010. a300 p. :bil. ;c24 cm. aIncluye datos biográficos del autor en la solapa de la cubierta. 0aEnsayos dominicanos 4aPeriodistas dominicanos 0aLiteratura dominicana. 4aDiarios dominicanosxSecciones, columnas, etc.2 aDiario Libre (República Dominicana)